Bilecik Bilecik Bilecik Bilecik Bilecik

Kamu Yönetiminde Kalite III. Ulusal Kongresi/ (Record no. 25003)

MARC details
000 -BAŞLIK
Sabit Uzunluktaki Kontrol Alanı 01247nam a22003617a 4500
001 - KONTROL NUMARASI
Control Dosyası 0025053
003 - KONTROL NUMARASI KİMLİĞİ
Kontrol Alanı KOHA_MİRAKIL
005 - EN SON İŞLEM TARİHİ ve ZAMANI
Kontrol Alanı 20260207002455.0
007 - FİZİKSEL TANIM SABİT ALAN - GENEL BİLGİ
Sabit uzunluklu kontrol alanı ta
008 - SABİT UZUNLUKTAKİ VERİ ÖGELERİ - GENEL BİLGİ
Sabit Alan 110407b2003 tu a|||gr||||#||||0|tur |
020 ## - ISBN - ULUSLARARASI STANDART KİTAP NUMARASI
Isbn 9757669989
020 ## - ISBN - ULUSLARARASI STANDART KİTAP NUMARASI
Isbn 9789757669982
Kullanılabilirlik koşulları 13,76
040 ## - KATALOGLAMA KAYNAĞI
Özgün Kataloglama Kurumu TR-BiSEU
Kataloglama Dili tur
Çeviri Kurumu TR-BiSEU
Açıklama Kuralları rda
041 0# - DİL KODU
Metin ya da ses kaydının dil kodu tur
044 ## - YAYINLAYAN/ÜRETEN KURULUŞUN ÜLKE KODU
ISO country code tu
050 ## - SINIFLAMA ve YER NUMARASI
Sınıflama Numarası JF1358
Yer Numarası .K36 2003
111 2# - TOPLANTI ADI
Toplantı Adı Kamu Yönetiminde Kalite Ulusal Kongresi (3. : 2003 : Ankara)
9 (RLIN) 50843
245 1# - ESER ADI BİLDİRİMİ
Başlık Kamu Yönetiminde Kalite III. Ulusal Kongresi/
Sorumluluk Bildirimi Editör Çağdaş Gümüşsuyu, Filiz Kartal ... [ve bşk.].
264 #1 - ÜRERİM, YAYIN, DAĞITIM ve TELİF BİLDİRİMİ
Yayın yeri Ankara :
Yayınlayan Türkiye ve Orta Doğu Amme İdaresi Entistüsü
Yayın tarihi 2003
300 ## - FİZİKSEL TANIMLAMA
Sayfa, Cilt vb. 546 sayfa: resimli; 24 cm.
336 ## - İÇERİK TÜRÜ
Content type term metin
Content type code txt
Source rdacontent
337 ## - MEDYA TÜRÜ
Media type term aracısız
Media type code n
Source rdamedia
338 ## - TAŞIYICI TÜRÜ
Carrier type term cilt
Carrier type code nc
Source rdacarrier
490 1# - DİZİ BİLDİRİMİ
Dizi Bildirimi Türkiye ve Orta Doğu Amme İdaresi Entistüsü ;
Cilt Numarası yayın no.
490 1# - DİZİ BİLDİRİMİ
Dizi Bildirimi 319
500 ## - GENEL NOT
Genel Not Kaynakça var.
650 #0 - KONU BAŞLIĞI EK GİRİŞ - KONU TERİMİ
Konusal terim veya coğrafi ad Kamu yönetimi--Türkiye--Kongreler.
9 (RLIN) 50811
650 #0 - KONU BAŞLIĞI EK GİRİŞ - KONU TERİMİ
Konusal terim veya coğrafi ad Public administration--Turkey--Congresses.
9 (RLIN) 50810
830 1# - SERİ EK GİRİŞİ - TEKBİÇİM ESER ADI
Tekbiçim Başlık Türkiye ve Orta Doğu Amme İdaresi Entistüsü ;
Volume number/sequential designation yayın no.
9 (RLIN) 50844
830 1# - SERİ EK GİRİŞİ - TEKBİÇİM ESER ADI
Tekbiçim Başlık 319
9 (RLIN) 40954
907 ## - LOCAL DATA ELEMENT G, LDG (RLIN)
a Kongre
942 ## - EK GİRİŞ ÖGELERİ (KOHA)
Source of classification or shelving scheme Library of Congress Classification
Koha item type Book
Holdings
Materyal Türü Kalıcı Konum Mevcut Konum Raf Yeri Sınıflandırma Kaynağı Edinim Bilgisi Ana Konular Alt Konular Yer Numarası Demirbaş Numarası Fatura Tarihi Maliyet, Alış Fiyatı Maliyet, Yenileme Fiyatı Geri Çekilme Durumu Kayıp Durumu Hasarlı Durumu Kredi için değil Kayıt Tarih Toplam Ödünçverme Son Görülme Tarihi Son Kontrol Tarihi Genel / Bağış Notu
Book Prof. Dr. Azmi Özcan Kütüphanesi Prof. Dr. Azmi Özcan Kütüphanesi Uluğbey Salonu Library of Congress Classification Satın SİYASET BİLİMİ Siyasi Kurumlar ve Kamu Yönetimi (Genel) JF1358 .K36 2003 0025053 15/12/2010 14.86 14.86         12/11/2010   05/12/2024 05/12/2024  
Book Prof. Dr. Azmi Özcan Kütüphanesi Prof. Dr. Azmi Özcan Kütüphanesi Uluğbey Salonu Library of Congress Classification Bağış SİYASET BİLİMİ Siyasi Kurumlar ve Kamu Yönetimi (Genel) JF1358 .K36 2003 0029281 02/02/2026             07/04/2011   05/12/2024 05/12/2024 Türkiye ve Ortadoğu Amme İdaresi Enstitüsü (TODAİE)